00926nam a2200205 a 450000100100000000500170001000800410002702000180006804000250008610000220011124500720013326000530020530000200025850000550027870000340033395201200036795201050048795201110059299900170070300003844520201002031249.0130411s2012 dr 000 0 spa d a9789945882766 aDO-SdBNPbspacBNPHU1 aRoa Wilson96478810aCuesta arriba /cWilson Roa ; presentación Rubén Sabala Moreta. aSanto Domingo :bRecinto Urania Montás,c2012. a92 p. ;c22 cm. aIncluye datos biográficos del autor en la solapa1 aSabala Moreta, Rubén964789 001052708DSaGRbGRcCTd2013-04-11iLF1l0o p38445-30r2020-06-25te. 3w2020-06-25yLFDSZPréstamo interno 0010718PDaPDbPDcCTd2013-04-11iLF1l0o p38445-10r2020-06-25w2020-06-25yLFPDZNo se presta 0010718PDaPDbPDcCTd2013-04-11iLF1l0o p38445-20r2020-06-25te. 2w2020-06-25yLFPDZNo se presta c37935d37935